000170350 001__ 170350
000170350 005__ 20260410165451.0
000170350 0248_ $$2sideral$$a148826
000170350 037__ $$aART-2026-148826
000170350 041__ $$aspa
000170350 100__ $$0(orcid)0000-0001-8288-3262$$aAlagón Laste, José María$$uUniversidad de Zaragoza
000170350 245__ $$aLos pueblos de colonización de la posguerra: de la utopía a la realidad
000170350 260__ $$c2026
000170350 540__ $$9info:eu-repo/semantics/closedAccess$$aAll rights reserved$$uhttp://www.europeana.eu/rights/rr-f/
000170350 655_4 $$ainfo:eu-repo/semantics/article$$vinfo:eu-repo/semantics/publishedVersion
000170350 7102_ $$13007$$2465$$aUniversidad de Zaragoza$$bDpto. Historia del Arte$$cÁrea Historia del Arte
000170350 773__ $$g145 (2026), 156-168$$pAmbienta (Madr.)$$tAmbienta (Madrid)$$x1577-9491
000170350 85641 $$uhttps://www.revistaambienta.es/es/historico/2026/145.html$$zTexto completo de la revista
000170350 8564_ $$s2218700$$uhttps://zaguan.unizar.es/record/170350/files/texto_completo.pdf$$yVersión publicada
000170350 8564_ $$s2088156$$uhttps://zaguan.unizar.es/record/170350/files/texto_completo.jpg?subformat=icon$$xicon$$yVersión publicada
000170350 909CO $$ooai:zaguan.unizar.es:170350$$particulos$$pdriver
000170350 951__ $$a2026-04-10-13:47:04
000170350 980__ $$aARTICLE